Saturday Stumper #7 - Statistics

General Stats
  • This quiz has been taken 15,728 times
  • The average score is 12 of 24
Answer Stats
Hint Answer % Correct
uid Fluid
87%
pire Empire
85%
rupt Erupt
85%
rupt Corrupt
74%
ief Brief
71%
uid Druid
71%
enge Revenge
70%
ief Chief
68%
ief Grief
67%
tacle Tentacle
66%
ief Thief
64%
pire Umpire
55%
tacle Spectacle
52%
pire Aspire
50%
tacle Obstacle
49%
uid Squid
47%
pire Expire
40%
rupt Disrupt
39%
rupt Bankrupt
24%
enge Challenge
22%
tacle Pentacle
20%
uid Equid
19%
enge Lozenge
10%
enge Scavenge
7%
No matching quizzes found
Score Distribution
Percent of People with Each Score
Percentile by Number Answered
Your Score History
You have not taken this quiz